Statistics for South American Capitals In Alphabetical Order

Click here to take the quiz!

General Stats

  • This quiz has been taken 25 times
    (21 since last reset)
  • The average score is 12 of 13

Answer Stats

Answer% Correct
Asuncion
100%
Bogota
100%
Brasilia
100%
Buenos Aires
95%
Georgetown
95%
Lima
95%
Montevideo
95%
Paramaribo
95%
Quito
95%
Santiago
95%
Caracas
90%
La Paz
90%
Sucre
90%

Score Distribution

Percentile by Number Answered

Percent of People with Each Score

Your Score History

You have not taken this quiz since the last reset